000 00245nam a2200097Ia 4500
001 771345
005 20250826165713.0
008 250824s9999 xx 000 0 und d
245 0 _aOKTAY SİNANOĞLU
_cHASAN YİĞİT
260 _bMAVİÇATI YAYINLARI
999 _c771345
_d771345